Online
Catalog

Las visitas de la real hacienda novohispana en el reinado de Felipe V (1710-1733) / (Record no. 32883)

MARC details
000 -CABECERA
campo de control de longitud fija 00710nam a2200169 a 4500
001 - NÚMERO DE CONTROL
campo de control 000033392
005 - FECHA Y HORA DE LA ÚLTIMA TRANSACCIÓN
campo de control 20200930070228.0
008 - DATOS DE LONGITUD FIJA--INFORMACIÓN GENERAL
campo de control de longitud fija 110825s1979 sp 000 0 spa d
040 ## - FUENTE DE LA CATALOGACIÓN
Centro catalogador/agencia de origen DO-SdBNP
Lengua de catalogación spa
Centro/agencia transcriptor BNPHU
100 1# - ENTRADA PRINCIPAL--NOMBRE DE PERSONA
Nombre de persona Gomez Gomez, Amalia
9 (RLIN) 58961
245 14 - MENCIÓN DE TÍTULO
Título Las visitas de la real hacienda novohispana en el reinado de Felipe V (1710-1733) /
Mención de responsabilidad, etc. Amalia Gomez Gomez ; prólogo Luis Navarro García.
260 ## - PUBLICACIÓN, DISTRIBUCIÓN, ETC.
Lugar de publicación, distribución, etc. Sevilla :
Nombre del editor, distribuidor, etc. Escuela de Estudios Hispanoamericanos,
Fecha de publicación, distribución, etc. 1979.
300 ## - DESCRIPCIÓN FÍSICA
Extensión 273 p. ;
Dimensiones 24 cm.
490 1# - MENCIÓN DE SERIE
Mención de serie Publicaciones de la Escuela de Estudios Hispano-Americanos
Designación de volumen o secuencia 259
700 1# - PUNTO DE ACCESO ADICIONAL--NOMBRE DE PERSONA
Nombre de persona Navarro García, Luis
9 (RLIN) 14972
830 #0 - PUNTO DE ACCESO ADICIONAL DE SERIE-TÍTULO UNIFORME
Título uniforme Publicaciones de la Escuela de Estudios Hispano-Americanos
Designación de volumen o secuencia 259
9 (RLIN) 58962
Holdings
Estado de retiro Estado de pérdida Restricciones de uso No para préstamo Código de colección Localización permanente Ubicación/localización actual Ubicación en estantería Fecha de adquisición Número de inventario Total de préstamos Signatura topográfica completa Código de barras Fecha visto por última vez Precio válido a partir de Tipo de ítem Koha
        Monografías: Libros y Folletos General General Orden iniciada 25.08.2011 LF1   33392-10 25.06.2020 25.06.2020 No se presta

Powered by Koha